000 00296nam a2200097Ia 4500
008 220204s9999 xx 000 0 und d
082 _a633.88(540)
_bDEY
245 0 _aIndian medicinal plants used in Ayurvedic preparations
260 _aDehra Dun
_bBishen Singh Mahendra Pal Singh
_c1988
942 _cBK
999 _c40155
_d40155